Loading...
| Science - Chemistry | 0 | 6 | 0 | 0 | 60 | 57 | 82.17 | 2 | 4 | 0.00 | 0.00 |
| Fine Arts - Other | 0 | 6 | 0 | 1 | 60 | 51 | 99.50 | 1 | 5 | 0.00 | 0.00 |
| Religion | 0 | 5 | 1 | 2 | 45 | 130 | 139.60 | 0 | 2 | 0.00 | 0.00 |
| Fine Arts - Classical Music | 0 | 4 | 0 | 2 | 40 | 97 | 118.75 | 0 | 0 | 0.00 | 0.00 |
| Science - Physics | 0 | 4 | 2 | 0 | 30 | 87 | 104.75 | 0 | 4 | 0.00 | 0.00 |
| Other Academic | 0 | 3 | 0 | 0 | 30 | 79 | 92.00 | 1 | 2 | 0.00 | 0.00 |
| Science - Other | 0 | 4 | 2 | 1 | 30 | 89 | 106.50 | 1 | 1 | 0.00 | 0.00 |
| Social Science | 0 | 3 | 1 | 0 | 25 | 77 | 86.67 | 1 | 3 | 0.00 | 0.00 |
| Pop Culture | 0 | 2 | 0 | 0 | 20 | 69 | 79.00 | 0 | 2 | 0.00 | 0.00 |
| Literature - British | 0 | 2 | 0 | 0 | 20 | 125 | 131.00 | 0 | 0 | 0.00 | 0.00 |
| Literature - European | 0 | 2 | 0 | 0 | 20 | 137 | 138.50 | 0 | 2 | 0.00 | 0.00 |
| Literature - American | 0 | 1 | 0 | 0 | 10 | 113 | 113.00 | 0 | 1 | 0.00 | 0.00 |
| Science - Biology | 0 | 1 | 0 | 0 | 10 | 105 | 105.00 | 0 | 1 | 0.00 | 0.00 |
| Fine Arts - Painting and Sculpture | 0 | 1 | 0 | 1 | 10 | 151 | 151.00 | 0 | 0 | 0.00 | 0.00 |
| Literature - World | 0 | 1 | 0 | 0 | 10 | 115 | 115.00 | 0 | 1 | 0.00 | 0.00 |
| Mythology | 0 | 1 | 0 | 0 | 10 | 150 | 150.00 | 0 | 0 | 0.00 | 0.00 |
| Geography | 0 | 1 | 0 | 0 | 10 | 120 | 120.00 | 0 | 0 | 0.00 | 0.00 |
| History - American | 0 | 1 | 1 | 0 | 5 | 86 | 86.00 | 0 | 1 | 0.00 | 0.00 |
| Philosophy | 0 | 0 | 0 | 0 | 0 | 0.00 | 0 | 0 | 0.00 | 0.00 | |
| History - World | 0 | 1 | 2 | 0 | 0 | 117 | 117.00 | 0 | 1 | 0.00 | 0.00 |